000 00626nam a2200217Ia 4500
005 20230822142130.0
008 131103s9999 xx 000 0 und d
040 _aLoreto College
041 _aEnglish
082 _a915.1
_bCRE
100 _aCressey,George B.
245 _aLand of the 500 milion
_cGeorge B.Cressey
260 _aNew York
_bMcGraw - Hill Book Co.
_c1955
300 _axv,387 p.
_b ill.
440 _aMcGraw - Hill Series In Geography
504 _aIncludes bibliographical references and index
650 _aChina - Geography
700 _aWeaver,John C.,series ed.
850 _aLCLIB
942 _cBK
999 _c3439
_d53918